<?xml version="1.0" encoding="UTF-8"?>
<record
    xmlns:xsi="http://www.w3.org/2001/XMLSchema-instance"
    xsi:schemaLocation="http://www.loc.gov/MARC21/slim http://www.loc.gov/standards/marcxml/schema/MARC21slim.xsd"
    xmlns="http://www.loc.gov/MARC21/slim">

  <leader>01020nam a22002417a 4500</leader>
  <controlfield tag="008">100623s2005    ua|||||r|||| 000 0 ara d</controlfield>
  <datafield tag="020" ind1=" " ind2=" ">
    <subfield code="a">9771720538</subfield>
  </datafield>
  <datafield tag="082" ind1=" " ind2=" ">
    <subfield code="2">22</subfield>
    <subfield code="a">523.1</subfield>
    <subfield code="b">&#x641; &#x627; &#x644;</subfield>
  </datafield>
  <datafield tag="100" ind1=" " ind2=" ">
    <subfield code="9">15142</subfield>
    <subfield code="a">&#x641;&#x627;&#x644;&#x643;&#x64A;&#x646;&#x60C; &#x62F;&#x64A;&#x641;&#x64A;&#x62F;</subfield>
  </datafield>
  <datafield tag="245" ind1=" " ind2=" ">
    <subfield code="a">&#x627;&#x644;&#x643;&#x648;&#x646; :</subfield>
    <subfield code="b">&#x62A;&#x627;&#x631;&#x64A;&#x62E; &#x627;&#x644;&#x623;&#x641;&#x643;&#x627;&#x631; &#x627;&#x644;&#x639;&#x644;&#x645;&#x64A;&#x629; &#x648;&#x62A;&#x637;&#x648;&#x631;&#x647;&#x627; /</subfield>
    <subfield code="c">&#x62F;&#x64A;&#x641;&#x64A;&#x62F; &#x641;&#x627;&#x644;&#x643;&#x64A;&#x646;&#x61B; &#x62A;&#x639;&#x631;&#x64A;&#x628; &#x637;&#x627;&#x631;&#x642; &#x643;&#x645;&#x627;&#x644; &#x636;&#x64A;&#x641; &#x627;&#x644;&#x644;&#x647;&#x61B; &#x645;&#x631;&#x627;&#x62C;&#x639;&#x629; &#x645;&#x627;&#x647;&#x631; &#x645;&#x644;&#x643; &#x62D;&#x646;&#x627;</subfield>
  </datafield>
  <datafield tag="260" ind1=" " ind2=" ">
    <subfield code="a">&#x627;&#x644;&#x642;&#x627;&#x647;&#x631;&#x629; :</subfield>
    <subfield code="b">&#x627;&#x644;&#x645;&#x643;&#x62A;&#x628;&#x629; &#x627;&#x644;&#x623;&#x643;&#x627;&#x62F;&#x64A;&#x645;&#x64A;&#x629;&#x60C; [2005&#x61F;]</subfield>
    <subfield code="c">[2005?]</subfield>
  </datafield>
  <datafield tag="300" ind1=" " ind2=" ">
    <subfield code="a">274 &#x635;:</subfield>
    <subfield code="b">&#x635;&#x648;&#x631; &#x61B;</subfield>
    <subfield code="c">24 &#x633;&#x645;</subfield>
  </datafield>
  <datafield tag="500" ind1=" " ind2=" ">
    <subfield code="a">&#x62A;&#x631;&#x62C;&#x645;&#x629; &#x644;&#x643;&#x62A;&#x627;&#x628;: Stephen Hawking's Universe</subfield>
  </datafield>
  <datafield tag="650" ind1=" " ind2=" ">
    <subfield code="9">15140</subfield>
    <subfield code="a">&#x627;&#x644;&#x643;&#x648;&#x646;</subfield>
  </datafield>
  <datafield tag="650" ind1=" " ind2=" ">
    <subfield code="9">15148</subfield>
    <subfield code="a">&#x627;&#x644;&#x641;&#x644;&#x643;</subfield>
  </datafield>
  <datafield tag="650" ind1=" " ind2=" ">
    <subfield code="9">15149</subfield>
    <subfield code="a">&#x627;&#x644;&#x623;&#x631;&#x636;</subfield>
  </datafield>
  <datafield tag="700" ind1=" " ind2=" ">
    <subfield code="9">15144</subfield>
    <subfield code="a">&#x636;&#x64A;&#x641; &#x627;&#x644;&#x644;&#x647;&#x60C; &#x637;&#x627;&#x631;&#x642; &#x643;&#x645;&#x627;&#x644;</subfield>
    <subfield code="e">&#x62A;&#x639;&#x631;&#x64A;&#x628;</subfield>
  </datafield>
  <datafield tag="700" ind1=" " ind2=" ">
    <subfield code="9">15146</subfield>
    <subfield code="a">&#x62D;&#x646;&#x627;&#x60C; &#x645;&#x627;&#x647;&#x631; &#x645;&#x644;&#x643;</subfield>
    <subfield code="e">&#x645;&#x631;&#x627;&#x62C;&#x639;&#x629;</subfield>
  </datafield>
  <datafield tag="942" ind1=" " ind2=" ">
    <subfield code="2">ddc</subfield>
    <subfield code="c">BB</subfield>
    <subfield code="h">RDA-MOD</subfield>
  </datafield>
  <datafield tag="999" ind1=" " ind2=" ">
    <subfield code="c">14193</subfield>
    <subfield code="d">14193</subfield>
  </datafield>
  <datafield tag="336" ind1=" " ind2=" ">
    <subfield code="2">rdacontent</subfield>
    <subfield code="a">&#x646;&#x635;</subfield>
    <subfield code="b">txt</subfield>
  </datafield>
  <datafield tag="337" ind1=" " ind2=" ">
    <subfield code="a">&#x628;&#x62F;&#x648;&#x646; &#x648;&#x633;&#x64A;&#x637;</subfield>
    <subfield code="2">rdamedia</subfield>
    <subfield code="b">n</subfield>
  </datafield>
  <datafield tag="338" ind1=" " ind2=" ">
    <subfield code="a">&#x645;&#x62C;&#x644;&#x62F;</subfield>
    <subfield code="b">nc</subfield>
    <subfield code="2">rdacarrier</subfield>
  </datafield>
  <datafield tag="952" ind1=" " ind2=" ">
    <subfield code="0">0</subfield>
    <subfield code="1">0</subfield>
    <subfield code="2">ddc</subfield>
    <subfield code="4">0</subfield>
    <subfield code="7">0</subfield>
    <subfield code="8">Alef-Baa</subfield>
    <subfield code="a">MAIN</subfield>
    <subfield code="b">MAIN</subfield>
    <subfield code="c">1ST</subfield>
    <subfield code="d">2010-06-23</subfield>
    <subfield code="e">purchase</subfield>
    <subfield code="o">523.1 &#x641;&#x627;&#x644;</subfield>
    <subfield code="p">000021163</subfield>
    <subfield code="r">2025-07-15 00:00:00</subfield>
    <subfield code="s">2018-07-16</subfield>
    <subfield code="y">BB</subfield>
  </datafield>
</record>
